<?xml version="1.0" encoding="UTF-8"?>
<record
    xmlns:xsi="http://www.w3.org/2001/XMLSchema-instance"
    xsi:schemaLocation="http://www.loc.gov/MARC21/slim http://www.loc.gov/standards/marcxml/schema/MARC21slim.xsd"
    xmlns="http://www.loc.gov/MARC21/slim">

  <leader>02443nam a2200373 i 4500</leader>
  <controlfield tag="003">OSt</controlfield>
  <controlfield tag="005">20220609145026.0</controlfield>
  <controlfield tag="007">ta</controlfield>
  <controlfield tag="008">210831s2019    ck a   br6    000 1 spa d</controlfield>
  <datafield tag="020" ind1=" " ind2=" ">
    <subfield code="a">9789583057762</subfield>
  </datafield>
  <datafield tag="040" ind1=" " ind2=" ">
    <subfield code="a">CO-BoRNBP</subfield>
    <subfield code="b">spa</subfield>
    <subfield code="e">rda</subfield>
    <subfield code="c">CO-MqBPB</subfield>
  </datafield>
  <datafield tag="041" ind1="1" ind2=" ">
    <subfield code="a">spa</subfield>
    <subfield code="h">fre</subfield>
  </datafield>
  <datafield tag="082" ind1=" " ind2=" ">
    <subfield code="a">ALM</subfield>
    <subfield code="b">FERs</subfield>
  </datafield>
  <datafield tag="100" ind1="1" ind2=" ">
    <subfield code="a">Ferry, Luc</subfield>
    <subfield code="d">1951-</subfield>
    <subfield code="e">autor</subfield>
    <subfield code="9">186709</subfield>
  </datafield>
  <datafield tag="245" ind1="1" ind2="3">
    <subfield code="a">La sabidur&#xED;a de los mitos</subfield>
    <subfield code="b">El nacimiento de los dioses</subfield>
    <subfield code="c">concebido y escrito por Luc Ferry ; traducci&#xF3;n Juan Fernando Merino ; gui&#xF3;n Clotilde Bruneau ; ilustraci&#xF3;n Federico Santagati</subfield>
  </datafield>
  <datafield tag="264" ind1=" " ind2="1">
    <subfield code="a">Bogot&#xE1;:</subfield>
    <subfield code="b">Panamericana Editorial;</subfield>
    <subfield code="c">2019</subfield>
  </datafield>
  <datafield tag="300" ind1=" " ind2=" ">
    <subfield code="a">56 p&#xE1;ginas</subfield>
    <subfield code="b">ilustraciones, fotograf&#xED;as </subfield>
    <subfield code="c">27 cm</subfield>
  </datafield>
  <datafield tag="336" ind1=" " ind2=" ">
    <subfield code="2">rdacontent</subfield>
    <subfield code="a">texto</subfield>
    <subfield code="b">txt</subfield>
  </datafield>
  <datafield tag="337" ind1=" " ind2=" ">
    <subfield code="2">rdamedia</subfield>
    <subfield code="a">sin mediaci&#xF3;n</subfield>
    <subfield code="b">n</subfield>
  </datafield>
  <datafield tag="338" ind1=" " ind2=" ">
    <subfield code="2">rdacarrier</subfield>
    <subfield code="a">volumen</subfield>
    <subfield code="b">nc</subfield>
  </datafield>
  <datafield tag="490" ind1="0" ind2=" ">
    <subfield code="a">C&#xF3;mic Panamericana</subfield>
  </datafield>
  <datafield tag="500" ind1="1" ind2="0">
    <subfield code="a">Rese&#xF1;a del libro
Salidos del caos primordial, Gea, la tierra, y Urano, el cielo, copulan sin descanso para dar nacimiento a los primeros dioses del pante&#xF3;n griego: los titanes, los primeros tres c&#xED;clopes (Rayo, Trueno y Rel&#xE1;mpago) y los ciembrazos, seres inmortales destinados a la guerra y dotados de una fuerza inigualable. Por miedo a que lo derroquen y tomen su lugar, Urano encierra a sus hijos en el &#xFA;tero de su madre, pero el m&#xE1;s joven, Cronos, logra liberarse. Acosado por el mismo temor de su padre, Cronos se traga a sus propios hijos y de nuevo es el m&#xE1;s joven, Zeus, quien consigue fugarse, liberando a sus hermanos y hermanas. Entonces comienza la guerra de los dioses, entre los ol&#xED;mpicos, dirigidos por Zeus, y los titanes, guiados por Cronos. Una guerra terrible en la que est&#xE1; en juego saber cu&#xE1;l de los dos, el caos o la armon&#xED;a, prevalecer&#xE1; en el cosmos.</subfield>
  </datafield>
  <datafield tag="521" ind1=" " ind2=" ">
    <subfield code="a">Recomendado para un p&#xFA;blico infantil mayor de 9 a&#xF1;os</subfield>
  </datafield>
  <datafield tag="534" ind1=" " ind2=" ">
    <subfield code="t">Pers&#xE9;e et la Gorgone M&#xE9;duse</subfield>
  </datafield>
  <datafield tag="650" ind1="1" ind2="7">
    <subfield code="a">Tiras C&#xF3;micas, historietas francesas </subfield>
    <subfield code="y">Siglo XX</subfield>
    <subfield code="2">LEMB</subfield>
    <subfield code="9">111299</subfield>
  </datafield>
  <datafield tag="650" ind1="1" ind2="7">
    <subfield code="a">Literatura infantil francesa</subfield>
    <subfield code="y">Siglo XX</subfield>
    <subfield code="2">LEMB</subfield>
    <subfield code="9">186710</subfield>
  </datafield>
  <datafield tag="650" ind1="1" ind2="7">
    <subfield code="a">Autores franceses </subfield>
    <subfield code="y">Siglo XX</subfield>
    <subfield code="2">LEMB</subfield>
    <subfield code="9">17676</subfield>
  </datafield>
  <datafield tag="650" ind1="1" ind2="7">
    <subfield code="a">Mitolog&#xED;a griega</subfield>
    <subfield code="v">Tiras C&#xF3;micas, historietas, etc.</subfield>
    <subfield code="2">LEMB</subfield>
    <subfield code="9">186711</subfield>
  </datafield>
  <datafield tag="650" ind1="1" ind2="7">
    <subfield code="a">Mitolog&#xED;a cl&#xE1;sica </subfield>
    <subfield code="v">Tiras C&#xF3;micas, historietas, etc.</subfield>
    <subfield code="2">LEMB</subfield>
    <subfield code="9">186712</subfield>
  </datafield>
  <datafield tag="650" ind1="1" ind2="7">
    <subfield code="a">Dioses griegos</subfield>
    <subfield code="v">Tiras C&#xF3;micas, historietas, etc.</subfield>
    <subfield code="2">LEMB</subfield>
    <subfield code="9">186713</subfield>
  </datafield>
  <datafield tag="700" ind1="1" ind2=" ">
    <subfield code="a">Merino, Juan Fernando</subfield>
    <subfield code="d">1954- </subfield>
    <subfield code="e">traductor</subfield>
    <subfield code="9">186714</subfield>
  </datafield>
  <datafield tag="700" ind1="1" ind2=" ">
    <subfield code="a">Bruneau, Clotilde  </subfield>
    <subfield code="e">guionista</subfield>
    <subfield code="9">186715</subfield>
  </datafield>
  <datafield tag="942" ind1=" " ind2=" ">
    <subfield code="c">BKLIT</subfield>
  </datafield>
  <datafield tag="999" ind1=" " ind2=" ">
    <subfield code="c">14341</subfield>
    <subfield code="d">14341</subfield>
  </datafield>
  <datafield tag="952" ind1=" " ind2=" ">
    <subfield code="0">0</subfield>
    <subfield code="1">0</subfield>
    <subfield code="2">ddc</subfield>
    <subfield code="4">0</subfield>
    <subfield code="7">0</subfield>
    <subfield code="8">LA</subfield>
    <subfield code="a">BPMOS</subfield>
    <subfield code="b">BPMOS</subfield>
    <subfield code="c">FIC</subfield>
    <subfield code="d">2022-06-09</subfield>
    <subfield code="e">Compra BPSJBM 2022</subfield>
    <subfield code="i">NT</subfield>
    <subfield code="l">7</subfield>
    <subfield code="o">NG FERs</subfield>
    <subfield code="p">MOS502421</subfield>
    <subfield code="q">2025-03-17</subfield>
    <subfield code="r">2025-02-27</subfield>
    <subfield code="s">2025-02-27</subfield>
    <subfield code="t">Ej. 1</subfield>
    <subfield code="w">2022-06-09</subfield>
    <subfield code="y">BKLIT</subfield>
    <subfield code="z">Quince d&#xED;as</subfield>
  </datafield>
  <datafield tag="952" ind1=" " ind2=" ">
    <subfield code="0">0</subfield>
    <subfield code="1">0</subfield>
    <subfield code="2">ddc</subfield>
    <subfield code="4">0</subfield>
    <subfield code="5">1</subfield>
    <subfield code="7">0</subfield>
    <subfield code="8">LA</subfield>
    <subfield code="a">BPMOS</subfield>
    <subfield code="b">BPMOS</subfield>
    <subfield code="c">FIC</subfield>
    <subfield code="d">2026-04-24</subfield>
    <subfield code="e">Compra 2025</subfield>
    <subfield code="i">NT</subfield>
    <subfield code="l">0</subfield>
    <subfield code="o">NG FERs</subfield>
    <subfield code="p">MOS504919</subfield>
    <subfield code="r">2026-04-24</subfield>
    <subfield code="t">Ej. 2</subfield>
    <subfield code="w">2026-04-24</subfield>
    <subfield code="y">BKLIT</subfield>
    <subfield code="z">Quince d&#xED;as</subfield>
  </datafield>
</record>
